| 000 | 00339nam a22001337a 4500 | ||
|---|---|---|---|
| 020 | _a9788178002248 | ||
| 082 |
_a551.49 _bSAR/HY |
||
| 245 | _aHydrology And Watershed Management - III, Vol- I | ||
| 260 |
_aHyderabad _bBS Publications _c2010 |
||
| 300 | _a709 | ||
| 700 |
_aSarala,C _9401 |
||
| 700 |
_aVenkateswara Rao,B _9399 |
||
| 942 | _cBK | ||
| 999 |
_c14459 _d14459 |
||